CML's housing forecasts (Record no. 68065)
[ view plain ]
| 000 -LEADER | |
|---|---|
| fixed length control field | 00956cam a2200205 4500 |
| 001 - CONTROL NUMBER | |
| control field | WB3732-25 |
| 008 - FIXED-LENGTH DATA ELEMENTS--GENERAL INFORMATION | |
| fixed length control field | 010822n2001 000 0 eng u |
| 035 ## - SYSTEM CONTROL NUMBER | |
| System control number | (Sirsi) u114269 |
| 245 ## - TITLE STATEMENT | |
| Title | CML's housing forecasts |
| 260 ## - PUBLICATION, DISTRIBUTION, ETC. | |
| Date of publication, distribution, etc. | 2001 |
| 490 ## - SERIES STATEMENT | |
| Series statement | Council of Mortgage Lenders Press Release |
| Volume/sequential designation | 21 August 2001, (2) |
| 520 ## - SUMMARY, ETC. | |
| Summary, etc. | Anticipating a slowdown in house price inflation and lending growth in 2002, the Council of Mortgage Lenders (CML) has issued revised housing market forecasts. While predicting a rise of 11% in house prices by the end of 2001, in 2002 and 2003 it anticipates rises of 3% pa. Copies of CML's housing forecasts, published in CML News & Views on 24 August 2001, is available on request. |
| 590 ## - LOCAL NOTE (RLIN) | |
| Local note | WB |
| 650 ## - SUBJECT ADDED ENTRY--TOPICAL TERM | |
| Topical term or geographic name entry element | COUNCIL OF MORTGAGE LENDERS |
| 650 ## - SUBJECT ADDED ENTRY--TOPICAL TERM | |
| Topical term or geographic name entry element | FORECASTS |
| 650 ## - SUBJECT ADDED ENTRY--TOPICAL TERM | |
| Topical term or geographic name entry element | HOUSE PRICE INFLATION |
| 650 ## - SUBJECT ADDED ENTRY--TOPICAL TERM | |
| Topical term or geographic name entry element | MORTGAGE LENDING |
| 690 ## - LOCAL SUBJECT ADDED ENTRY--TOPICAL TERM (OCLC, RLIN) | |
| Topical term or geographic name as entry element | PROPERTY-RESIDENTIAL PROPERTY-RESIDENTIAL PROPERTY MARKET |
| 942 ## - ADDED ENTRY ELEMENTS (KOHA) | |
| Suppress in OPAC | 0 |
| Withdrawn status | Lost status | Source of classification or shelving scheme | Damaged status | Not for loan | Home library | Current library | Shelving location | Date acquired | Total Checkouts | Full call number | Barcode | Date last seen | Copy number | Price effective from | Koha item type |
|---|---|---|---|---|---|---|---|---|---|---|---|---|---|---|---|
| Dewey Decimal Classification | London | London | News article | 22/08/2001 | WB3732-25 | 114269-1001 | 06/08/2019 | 1 | 06/08/2019 | News article |